000 00706nam a2200229 a 4500
005 20210219153248.0
008 991125n 000 0 spa u
035 _aUPN01000086746
100 _aMARTINEZ-ABASCAL, M.A.
222 _aREVISTA ESPAÑOLA DE PEDAGOGIA
245 _aMalestar docente : atribuciones y desamparo aprendido : un estudio correlacional
300 _a563-580
362 _a1992 Año 50, no. 193, sep.-dic.
653 0 _aDESARROLLO CIENTIFICO Y TECNOLOGICO
653 0 _aDESARROLLO ECONOMICO
653 0 _aDESARROLLO SOCIAL
653 0 _aFORMACION PROFESIONAL
653 0 _aSISTEMA EDUCATIVO
700 _aBORNAS, X., coaut.
904 _aAC
_b024557
905 _aArticulo
999 _c72406
_d72406